Statistics for Countries With The Most Ukrainian Refugees

Click here to take the quiz!

General Stats

  • This quiz has been taken 107 times
    (38 since last reset)
  • The average score is 38 of 43

Answer Stats

TotalCountry% Correct
118,960France
97%
161,100Spain
97%
56,240Sweden
97%
154,600United Kingdom
97%
39,110Canada
94%
1,02 milGermany
94%
20,950Greece
94%
85,210Netherlands
94%
1,56 milPoland
94%
49,290Portugal
94%
2,85 milRussia
94%
105,730Slovakia
94%
221,000United States
94%
15,460Australia
91%
19,750Croatia
91%
478,640Czech Republic
91%
47,070Finland
91%
167,925Italy
91%
71,370Lithuania
91%
33,320Norway
91%
106,790Romania
91%
13,670Slovenia
91%
70,740Switzerland
91%
95,780Turkey
91%
38,030Denmark
89%
35,230Hungary
89%
65,660Ireland
89%
43,600Latvia
89%
16,730Brazil
86%
146,670Bulgaria
86%
63,850Estonia
86%
22,730Serbia
86%
90,130Austria
83%
11,700Belarus
83%
70,080Belgium
83%
102,020Moldova
83%
29,000Israel
80%
9,320Argentina
77%
4,500Bosnia and Herzegovina
77%
19,220Cyprus
74%
25,100Georgia
71%
3,450Japan
69%
31,890Montenegro
66%

Score Distribution

Percentile by Number Answered

Percent of People with Each Score

Your Score History

You have not taken this quiz since the last reset